000 00554nam a2200181Ia 4500
008 090630s9999 xx 000 0 und d
082 _b21227
100 _aदडगे एम. बी.
245 _aहिमदिव्य.
_cदडगे एम. बी.
260 _bकौशिक - पुणे.
_c1999
300 _a103
600 _aदडगे एम. बी.
630 _aहिमदिव्य.
655 _aप्रवास.
700 _aदडगे एम. बी.
730 _aहिमदिव्य.
942 _cBOOK
999 _c273083
_d273083